LEADER 01058nam a2200265 i 4500 001 000000156515 003 CaOOAMICUS 005 20061206000000.0 008 061206s1979 it u000 u ita u 013 $a133870 040 $aSeMil$bita 100 1 $aForesta, Gaetano.$0(OLS)http://semarc/name/61149 245 13$aIl chisciottismo di Unamuno in Italia /$cGaetano Foresta. 260 $aLecce :$bMilella,$cstampa 1979. 300 $a239 p., [4] c. di tav. ;$c21 cm. 490 0 $aCollezione di studi e testi ;$v28 500 $aFondo Ciprandi. 650 4$aUnamuno, Miguel : de <1864-1936> - Fortuna - Italia.$0(OLS)http://semarc/subject/30623 830 0$aCollezione di studi e testi ;$v28.$0(OLS)http://semarc/title/19901 850 $aSeMil 852 $aSeMil$W1$xVenegono$y1$m1C V 86$j108278$B108278$CSeMilBibl$Z2$F117850 $81 941 1 $a1 961 $aOmaggio: Ciprandi dott. Paolo 996 $6245$aIl chisciottismo di Unamuno in Italia$9(OLS)http://semarc/title/229415 996 $6260$aLecce :$bMilella$9(OLS)http://semarc/publisher/30412 LEADER 00893nam a2200253 i 4500 001 000000137167 003 CaOOAMICUS 005 20050407000000.0 008 050407s1997 it u000 u ita u 013 $a110904 020 $a88-06-14542-8 040 $aSeMil$bita 100 1 $aLoy, Rosetta.$0(OLS)http://semarc/name/55716 245 13$aLa parola ebreo /$cRosetta Loy. 260 $aTorino :$bEinaudi,$ccopyr. 1997. 300 $a156 p. ;$c19 cm. 490 0 $aGli struzzi ;$v487 830 4$aGli struzzi ;$v487.$0(OLS)http://semarc/title/6903 850 $aSeMil 852 $aSeMil$W1$xVenegono$y1$m1B II 369$j240073$B90730$CSeMilBibl$Z2$F95596 $81 961 $aOmaggio: Altro 996 $6020$a88-06-14542-8$9(OLS)http://semarc/number/124830 996 $6245$aLa parola ebreo$9(OLS)http://semarc/title/200420 996 $6260$aTorino :$bEinaudi$9(OLS)http://semarc/publisher/29884